League of Legends S6 Worlds teams + extras - Statistics

General Stats
  • This quiz has been taken 260 times
  • The average score is 12 of 23
Answer Stats
Hint Answer % Correct
Europe #1 seed G2 Esports
96%
North America #1 seed Team Solomid
96%
North America #3 seed Cloud 9
90%
Korea #2 seed SK Telecom T1
89%
North America #2 seed Counter Logic Gaming
80%
China #2 seed Royal Never Give Up
78%
Europe #2 seed H2K
75%
China #1 seed Edward Gaming
73%
Korea #3 seed Samsung Galaxy
68%
Korea #1 seed ROX Tigers
67%
Winner of Worlds SK Telecom T1
61%
LMS #1 seed Flash Wolves
58%
Did Faker cry? Y/N No
54%
Europe #3 seed Splyce
50%
Wildcard Group A Albus Nox Luna
41%
Which team surprised everyone by getting out of groups? Albus Nox Luna
41%
China #3 seed iMay
25%
Wildcard Group C INTZ Esports
17%
US State where group stages held California
15%
US State where finals held California
12%
US State where semifinals held New York
9%
US State where quarterfinals held Illinois
4%
LMS #2 seed AHQ Esports Club
3%
No matching quizzes found
Score Distribution
Percent of People with Each Score
Percentile by Number Answered
Your Score History
You have not taken this quiz